Online
Catalog

El protoidioma en la poesía de Alfonsina Storni / (Record no. 5979)

MARC details
000 -CABECERA
campo de control de longitud fija 00801cam a2200205 a 4500
001 - NÚMERO DE CONTROL
campo de control 000006184
005 - FECHA Y HORA DE LA ÚLTIMA TRANSACCIÓN
campo de control 20200929151950.0
008 - DATOS DE LONGITUD FIJA--INFORMACIÓN GENERAL
campo de control de longitud fija 010524s2001 mx 000 p spa
040 ## - FUENTE DE LA CATALOGACIÓN
Centro catalogador/agencia de origen DO-SdBNP
Centro/agencia transcriptor DLC
Centro/agencia modificador DLC
082 ## - NÚMERO DE LA CLASIFICACIÓN DECIMAL DEWEY
Número de clasificación 851.912
Número de documento/Ítem S885p
100 1# - ENTRADA PRINCIPAL--NOMBRE DE PERSONA
Nombre de persona Storni, Alfonsina,
Fechas asociadas al nombre 1892-1938.
9 (RLIN) 17330
245 13 - MENCIÓN DE TÍTULO
Título El protoidioma en la poesía de Alfonsina Storni /
Mención de responsabilidad, etc. prólogo y análisis arquetipico de Fredo Arias de la Canal.
260 ## - PUBLICACIÓN, DISTRIBUCIÓN, ETC.
Lugar de publicación, distribución, etc. México, D. F. :
Nombre del editor, distribuidor, etc. Frente de Afirmación Hispanista,
Fecha de publicación, distribución, etc. 2001.
300 ## - DESCRIPCIÓN FÍSICA
Extensión xxix, 311 p. ;
Dimensiones 19 cm.
600 10 - PUNTO DE ACCESO ADICIONAL DE MATERIA--NOMBRE DE PERSONA
Nombre de persona Storni, Alfonsina,
Fechas asociadas al nombre 1892-1938.
Subdivisión general CRÍTICA E INTERPRETACIÓN
9 (RLIN) 17331
650 #4 - PUNTO DE ACCESO ADICIONAL DE MATERIA--TÉRMINO DE MATERIA
Término de materia o nombre geográfico como elemento de entrada Poesía suiza
9 (RLIN) 17332
650 #4 - PUNTO DE ACCESO ADICIONAL DE MATERIA--TÉRMINO DE MATERIA
Término de materia o nombre geográfico como elemento de entrada Literatura suiza
Subdivisión general Historia y crítica
9 (RLIN) 13269
700 1# - PUNTO DE ACCESO ADICIONAL--NOMBRE DE PERSONA
Nombre de persona Arias de la Canal, Fredo,
Término indicativo de función/relación pról.
9 (RLIN) 8096
910 ## - DATOS DE OPCIÓN DEL USUARIO (OCLC)
Datos de opción del usuario Catalogación por copia / LC
Holdings
Estado de retiro Estado de pérdida Restricciones de uso No para préstamo Código de colección Localización permanente Ubicación/localización actual Ubicación en estantería Fecha de adquisición Número de inventario Total de préstamos Signatura topográfica completa Código de barras Fecha visto por última vez Precio válido a partir de Tipo de ítem Koha
    Préstamo interno   Monografías: Libros y Folletos General General En catalogación 26.08.2009 LF1   851.912 S885p 6184-10 25.06.2020 25.06.2020 Préstamo interno

Powered by Koha